Les 10 villes les plus dangereuses du monde - Statistiques

Statistiques générales
  • Ce quiz a été pris 172 fois
  • Le résultat moyen est 2 sur 10
Statistiques - réponses
Classement Ville % Correct
9 Rio de Janeiro
84%
1 Caracas
44%
10 Le cap
27%
5 Johannesburg
24%
8 Salvador
16%
2 Acapulco
5%
4 Durban
4%
6 Ciudad Juarez
3%
3 San Pedro
3%
7 Fortaleza
1%
Aucun quiz correspondant
Distribution des résultats
% des personnes avec chaque résultat
Percentile par nombre de réponses
Votre historique - résultats
Vous n’avez pas pris ce quiz